[Event "San Francisco TNM Spring op"]
[Site "San Francisco"]
[Date "2006.04.04"]
[Round "2"]
[White "Wong, Russell"]
[Black "Olsen, Lance"]
[Result "1-0"]
[WhiteElo "2200"]
[BlackElo "903"]
[PlyCount "57"]
[EventDate "2006.03.28"]
[EventType "swiss"]
[EventRounds "8"]
[EventCountry "USA"]
[SourceTitle "EXT 2007"]
[Source "ChessBase"]
[SourceDate "2006.11.23"]
[SourceVersion "1"]
[SourceVersionDate "2006.11.23"]
[SourceQuality "1"]

1. e4 d6 2. d4 Nf6 3. Nc3 g6 4. f3 Bg7 5. Be3 0-0 6. Qd2 e5 7. d5 Nbd7 8. 0-0-0 a6 9. g4 b5 10. h4 h5 11. Bh3 Qe7 12. Qg2 c5 13. dxc6 Nc5 14. Bg5 b4 15. Nd5 Nxd5 16. Bxe7 Ne3 17. Qe2 Nxd1 18. Bxf8 Bxf8 19. Qxd1 Kh7 20. gxh5 gxh5 21. Qd5 Be6 22. Bf5+ Kh8 23. Qd2 a5 24. Qg5 Bxf5 25. exf5 Kh7 26. Qxh5+ Bh6+ 27. Kd1 e4 28. Nh3 Rg8 29. Ng5+ 1-0